00270 a2200121 4500001000700000020001800007040003500025100002800060240002300088245001800111300001000129362000900139157258 a9788502083844 cEscola São Tomás de Aquino aMALDONADO, Maria Teresa10aA face ocultalpor10aA face oculta a96 p.0 a2009